000 00584cam a2200205 i 4500
001 881872
005 20180205071121.0
008 800423s1981 njua 001 0 eng
010 _a 80014955
020 _a0132941406
040 _aDLC
_cDLC
_dDLC
041 _aeng
080 _a658.4012 LEV
082 0 0 _a658.4012 LEV
100 1 _a54
101 _aLID
245 1 4 _aThe executive's illustrated primer of long-range planning /
_cDick Levin ; with lots of help from Ginger Travis and John Branch.
906 _a7
_bcbc
_corignew
_du
_eocip
_f19
_gy-gencatlg
942 _2ddc
_cBK
999 _c41750
_d41750